| 000 -LEADER |
| fixed length control field |
02394cam a22004818i 4500 |
| 001 - CONTROL NUMBER |
| control field |
20773227 |
| 005 - DATE AND TIME OF LATEST TRANSACTION |
| control field |
20200624142419.0 |
| 008 - FIXED-LENGTH DATA ELEMENTS--GENERAL INFORMATION |
| fixed length control field |
181207s2020 mau b 001 0 eng |
| 010 ## - LIBRARY OF CONGRESS CONTROL NUMBER |
| LC control number |
2018058317 |
| 020 ## - INTERNATIONAL STANDARD BOOK NUMBER |
| International Standard Book Number |
9781284151619 |
| 035 ## - SYSTEM CONTROL NUMBER |
| System control number |
(DNLM)101738414 |
| 040 ## - CATALOGING SOURCE |
| Original cataloging agency |
DNLM/DLC |
| Transcribing agency |
DLC |
| Description conventions |
rda |
| 041 ## - LANGUAGE CODE |
| Language code of text/sound track or separate title |
eng |
| 042 ## - AUTHENTICATION CODE |
| Authentication code |
pcc |
| 050 00 - LIBRARY OF CONGRESS CALL NUMBER |
| Classification number |
RA395.A3 |
| 060 10 - NATIONAL LIBRARY OF MEDICINE CALL NUMBER |
| Classification number |
WA 33 AA1 |
| 080 ## - UNIVERSAL DECIMAL CLASSIFICATION NUMBER |
| Universal Decimal Classification number |
614+34 W-68 |
| 082 00 - DEWEY DECIMAL CLASSIFICATION NUMBER |
| Classification number |
362.10973 |
| Edition number |
23 |
| 100 1# - MAIN ENTRY--PERSONAL NAME |
| Personal name |
Wilensky, Sara E., |
| Relator term |
author. |
| 9 (RLIN) |
8738 |
| 245 10 - TITLE STATEMENT |
| Title |
Essentials of health policy and law / |
| Statement of responsibility, etc. |
Sara E. Wilensky, Joel B. Teitelbaum. |
| 250 ## - EDITION STATEMENT |
| Edition statement |
Fourth edition. |
| 263 ## - PROJECTED PUBLICATION DATE |
| Projected publication date |
1903 |
| 264 #1 - PRODUCTION, PUBLICATION, DISTRIBUTION, MANUFACTURE, AND COPYRIGHT NOTICE |
| Place of production, publication, distribution, manufacture |
Burlington, Massachusetts : |
| Name of producer, publisher, distributor, manufacturer |
Jones & Bartlett Learning, |
| Date of production, publication, distribution, manufacture, or copyright notice |
[2020] |
| 300 ## - PHYSICAL DESCRIPTION |
| Extent |
p. ; |
| Dimensions |
cm. |
| 336 ## - CONTENT TYPE |
| Content type term |
text |
| Source |
rdacontent |
| 337 ## - MEDIA TYPE |
| Media type term |
unmediated |
| Source |
rdamedia |
| 338 ## - CARRIER TYPE |
| Carrier type term |
volume |
| Source |
rdacarrier |
| 500 ## - GENERAL NOTE |
| General note |
Joel B. Teitelbaum's name appears first in previous edition. |
| 504 ## - BIBLIOGRAPHY, ETC. NOTE |
| Bibliography, etc. note |
Includes bibliographical references and index. |
| 505 0# - FORMATTED CONTENTS NOTE |
| Formatted contents note |
Understanding the role of and conceptualizing health policy and law -- Policy and the policymaking process -- Law and the legal system -- Overview of the United States healthcare system -- Public health institutions and systems -- Individual rights in health care and public health -- Social determinants of health and the role of law in optimizing health -- Understanding health insurance -- Health economics in a health policy context -- Health reform in the United States -- Government health insurance programs : Medicaid, CHIP, and Medicare -- Healthcare quality policy and law -- Public health preparedness policy -- The art of structuring and writing a health policy analysis. |
| 650 12 - SUBJECT ADDED ENTRY--TOPICAL TERM |
| Topical term or geographic name entry element |
Health Policy |
| General subdivision |
legislation & jurisprudence |
| 9 (RLIN) |
8739 |
| 650 22 - SUBJECT ADDED ENTRY--TOPICAL TERM |
| Topical term or geographic name entry element |
Insurance, Health |
| General subdivision |
legislation & jurisprudence |
| 9 (RLIN) |
8740 |
| 650 22 - SUBJECT ADDED ENTRY--TOPICAL TERM |
| Topical term or geographic name entry element |
Social Determinants of Health |
| 9 (RLIN) |
8741 |
| 650 22 - SUBJECT ADDED ENTRY--TOPICAL TERM |
| Topical term or geographic name entry element |
Health Care Reform |
| 9 (RLIN) |
8742 |
| 651 #2 - SUBJECT ADDED ENTRY--GEOGRAPHIC NAME |
| Geographic name |
United States |
| 9 (RLIN) |
8743 |
| 653 ## - INDEX TERM--UNCONTROLLED |
| keyword |
სამართალი |
| 653 ## - INDEX TERM--UNCONTROLLED |
| keyword |
კანონმდებლობა |
| 653 ## - INDEX TERM--UNCONTROLLED |
| keyword |
იურისპრუდენცია |
| 700 1# - ADDED ENTRY--PERSONAL NAME |
| Personal name |
Teitelbaum, Joel Bern, |
| Relator term |
ავტორი |
| 9 (RLIN) |
8744 |
| 906 ## - LOCAL DATA ELEMENT F, LDF (RLIN) |
| a |
7 |
| b |
cbc |
| c |
orignew |
| d |
1 |
| e |
ecip |
| f |
20 |
| g |
y-gencatlg |
| 942 ## - ADDED ENTRY ELEMENTS (KOHA) |
| Source of classification or shelving scheme |
|
| Koha item type |
წიგნი |